Memperbaiki teknik bola keranjang / (Record no. 3780)
[ view plain ]
| 000 -LEADER | |
|---|---|
| fixed length control field | nam a22 a 4500 |
| 001 - CONTROL NUMBER | |
| control field | vtls000598002 |
| 003 - CONTROL NUMBER IDENTIFIER | |
| control field | AKMAL |
| 005 - DATE AND TIME OF LATEST TRANSACTION | |
| control field | 20170524084159.0 |
| 008 - FIXED-LENGTH DATA ELEMENTS--GENERAL INFORMATION | |
| fixed length control field | 170524s200u my a j | 001 0 may d |
| 020 ## - INTERNATIONAL STANDARD BOOK NUMBER | |
| International Standard Book Number | 9789673228331 (kkt.) : |
| Terms of availability | RM17.90 |
| 039 #9 - LEVEL OF BIBLIOGRAPHIC CONTROL AND CODING DETAIL [OBSOLETE] | |
| Level of rules in bibliographic description | 201011161009 |
| Level of effort used to assign nonsubject heading access points | jalil |
| Level of effort used to assign subject headings | 201005121112 |
| Level of effort used to assign classification | anisatul |
| Level of effort used to assign subject headings | 201005121100 |
| Level of effort used to assign classification | anisatul |
| Level of effort used to assign subject headings | 201005121059 |
| Level of effort used to assign classification | anisatul |
| 040 ## - CATALOGING SOURCE | |
| Original cataloging agency | AKMAL |
| 082 04 - DEWEY DECIMAL CLASSIFICATION NUMBER | |
| Classification number | 796.323 DRE |
| Edition number | 22 |
| 090 00 - LOCALLY ASSIGNED LC-TYPE CALL NUMBER (OCLC); LOCAL CALL NUMBER (RLIN) | |
| Classification number (OCLC) (R) ; Classification number, CALL (RLIN) (NR) | 796.323 |
| Local cutter number (OCLC) ; Book number/undivided call number, CALL (RLIN) | DRE |
| 100 1# - MAIN ENTRY--PERSONAL NAME | |
| Personal name | Drewett, Jim |
| 9 (RLIN) | 7477 |
| 245 10 - TITLE STATEMENT | |
| Title | Memperbaiki teknik bola keranjang / |
| Statement of responsibility, etc. | Jim Drewett |
| 260 ## - PUBLICATION, DISTRIBUTION, ETC. | |
| Place of publication, distribution, etc. | Kuala Lumpur : |
| Name of publisher, distributor, etc. | Synergy Media, |
| Date of publication, distribution, etc. | [200-] |
| 300 ## - PHYSICAL DESCRIPTION | |
| Extent | 49ms. : |
| Other physical details | il wrn. ; |
| Dimensions | 27cm. |
| 490 1# - SERIES STATEMENT | |
| Series statement | Siri memperbaiki teknik |
| 500 ## - GENERAL NOTE | |
| General note | Mengandungi indeks |
| 650 10 - SUBJECT ADDED ENTRY--TOPICAL TERM | |
| Topical term or geographic name entry element | Basketball for children |
| General subdivision | Training |
| Form subdivision | Juvenile literature |
| 9 (RLIN) | 7478 |
| 830 #0 - SERIES ADDED ENTRY--UNIFORM TITLE | |
| Uniform title | Siri memperbaiki teknik |
| 9 (RLIN) | 7476 |
| 942 ## - ADDED ENTRY ELEMENTS (KOHA) | |
| Source of classification or shelving scheme | |
| Koha item type | Book |
| Withdrawn status | Lost status | Source of classification or shelving scheme | Damaged status | Not for loan | Collection code | Home library | Current library | Shelving location | Date acquired | Inventory number | Total Checkouts | Full call number | Barcode | Date last seen | Price effective from | Koha item type |
|---|---|---|---|---|---|---|---|---|---|---|---|---|---|---|---|---|
| NON-FICTION | AKMAL Melaka | AKMAL Melaka | PINJAMAN | 24.05.2017 | 602622 | 796.323 DRE | 201704914 | 24.05.2017 | 24.05.2017 | Book | ||||||
| NON-FICTION | AKMAL Melaka | AKMAL Melaka | PINJAMAN | 24.05.2017 | 602623 | 796.323 DRE | 201704922 | 24.05.2017 | 24.05.2017 | Book |
